Name The Henry Stickmin Character! - Statistics

General Stats
  • This quiz has been taken 127 times
  • The average score is 16 of 80
Answer Stats
Picture Answer % Correct
Henry Stickmin
100%
Charles Calvin
68%
Right Hand Man
65%
Ellie Rose
57%
Reginald Copperbottom
57%
Dave Panpa
55%
Rupert Price
53%
Ellry
43%
Felix White
42%
Right Hand Man Reborn
39%
Sven Svensson
34%
Mr. Macbeth
32%
Burt Curtis
30%
Ungus Bungus
29%
Hatchman
26%
Henry Stickman
26%
Gary Mann
25%
Geoffrey Plumb
25%
Topbot
25%
Reference
23%
Samuel Mundy
23%
Captain Galeforce
21%
Dmitri Johannes Petrov
21%
Handsome Harold
21%
Thomas Chestershire
21%
Johnny Panzer
19%
Phantom
19%
Philly Colin
19%
Wilson Stone
19%
Cuppa Joe
18%
Grigori Olyat
18%
Carol Cross
17%
Right Hand Man Blue
17%
The Leprechaun
17%
Hubert Brown
16%
Kayn West
16%
Kent
16%
Mr. Blanc
16%
Mysterious Vagabond
16%
Rai. U
16%
Captain Ed Roberts
14%
Fredrick Muenster
14%
Jack Doogan
14%
Kabbitz
14%
Mayor Fredrickson
14%
Al Kohaul
13%
Billy Clud
13%
Cliff Knux
13%
Corporal Bill Bullet
13%
Ali Gene
12%
Clyde Jenkins
12%
Heath Stone
12%
Herb Stokes
12%
Sir Hatty
12%
Sleepy Dogg
12%
Tom Hardly
12%
Wilhelm Krieghaus
12%
Ace Apex
10%
Alice Hamilton
10%
Antonidas Sparta
10%
Wallace Pemberton
10%
Isaac Binderson
9%
Jonas Noogan
9%
Major Hershell Panzer
9%
Mr. Unstoppable
9%
Zach Knut
9%
Jaques Kensington
8%
Karlov Chernik
8%
Larry Gordon
8%
Punkhauser
8%
Sean S.E. Lemming
8%
Sten Villo
8%
Cocca Colinski
6%
Dr. Vinschpinsilstien
6%
Ray Rudolpho
6%
Willie Wagner
6%
Andrei Warzow
5%
Friedrich Spielen
4%
Nadya Merakova
4%
Thormund Riloc
4%
No matching quizzes found
Score Distribution
Percent of People with Each Score
Percentile by Number Answered
Your Score History
You have not taken this quiz